La filosofía de Salvador Jorge Blanco / (Record no. 31151)
[ view plain ]
| 000 -CABECERA | |
|---|---|
| campo de control de longitud fija | 00414nam a2200145 a 4500 |
| 001 - NÚMERO DE CONTROL | |
| campo de control | 000031659 |
| 005 - FECHA Y HORA DE LA ÚLTIMA TRANSACCIÓN | |
| campo de control | 20200930063102.0 |
| 008 - DATOS DE LONGITUD FIJA--INFORMACIÓN GENERAL | |
| campo de control de longitud fija | 110629s19uu dr 000 0 spa d |
| 040 ## - FUENTE DE LA CATALOGACIÓN | |
| Centro catalogador/agencia de origen | DO-SdBNP |
| Lengua de catalogación | spa |
| Centro/agencia transcriptor | BNPHU |
| 049 ## - FONDOS LOCALES (OCLC) | |
| Fondos de biblioteca | BNPD |
| 100 1# - ENTRADA PRINCIPAL--NOMBRE DE PERSONA | |
| Nombre de persona | Grullón, Ruddy |
| 9 (RLIN) | 11028 |
| 245 13 - MENCIÓN DE TÍTULO | |
| Título | La filosofía de Salvador Jorge Blanco / |
| Mención de responsabilidad, etc. | Ruddy Grullón. |
| 260 ## - PUBLICACIÓN, DISTRIBUCIÓN, ETC. | |
| Lugar de publicación, distribución, etc. | [Santo Domingo] : |
| Nombre del editor, distribuidor, etc. | [s. n.], |
| Fecha de publicación, distribución, etc. | [197u]? |
| 300 ## - DESCRIPCIÓN FÍSICA | |
| Extensión | 7 p. ; |
| Dimensiones | 21 cm. |
| Estado de retiro | Estado de pérdida | No para préstamo | Código de colección | Localización permanente | Ubicación/localización actual | Ubicación en estantería | Fecha de adquisición | Número de inventario | Total de préstamos | Signatura topográfica completa | Código de barras | Fecha visto por última vez | Precio válido a partir de | Tipo de ítem Koha | Restricciones de uso | Número de copia |
|---|---|---|---|---|---|---|---|---|---|---|---|---|---|---|---|---|
| Patrimonio Dominicano | General | General | Orden iniciada | 29.06.2011 | LF1 | 31659-30 | 25.06.2020 | 25.06.2020 | Libro y Folleto Colección Patrimonio Dominicano | |||||||
| Dominicana de Servicio | General | General | En catalogación | 29.06.2011 | LF1 | 31659-40 | 25.06.2020 | 25.06.2020 | Libro y Folleto Colección Dominicana de Servicio | e. 4 | ||||||
| Dominicana de Servicio | General | General | En catalogación | 29.06.2011 | LF1 | 31659-50 | 25.06.2020 | 25.06.2020 | Libro y Folleto Colección Dominicana de Servicio | e. 3 | ||||||
| Dominicana de Servicio | General | General | En catalogación | 01.07.2011 | LF1 | 31659-60 | 25.06.2020 | 25.06.2020 | Libro y Folleto Colección Dominicana de Servicio | e. 5 | ||||||
| Excluido de préstamo | Patrimonio Dominicano | Patrimonio Dominicano | Patrimonio Dominicano | En catalogación | 29.06.2011 | LF1 | 31659-10 | 25.06.2020 | 25.06.2020 | Libro y Folleto Colección Patrimonio Dominicano | ||||||
| Excluido de préstamo | Patrimonio Dominicano | Patrimonio Dominicano | Patrimonio Dominicano | En catalogación | 29.06.2011 | LF1 | 31659-20 | 25.06.2020 | 25.06.2020 | Libro y Folleto Colección Patrimonio Dominicano | e. 2 |
